| 000 | 00687nac a22002051u 4500 | ||
|---|---|---|---|
| 020 | _a0333640691 (pbk) : | ||
| 035 | _a010676394 | ||
| 082 |
_a005.74 _bG6765 |
||
| 090 |
_c4408 _d4408 |
||
| 100 | _aGosling, Peter | ||
| 245 |
_aMastering databases / _cPeter Gosling. |
||
| 260 |
_aBasingstoke : _bMacmillan, _c1995. |
||
| 300 |
_axi, 265 p. : _bill. ; _c24 cm. |
||
| 440 | _a( Macmillan master series) | ||
| 504 | _aincludes index | ||
| 650 | _aElectronic spreadsheets | ||
| 650 | _aProblems, exercises | ||
| 942 |
_cBB _k005.74 G6765 |
||
| 999 |
_c4408 _d4408 |
||